|
|
|
|
| LEADER |
00000nam a2200000Ii 4500 |
| 001 |
DIGVIETO163 |
| 003 |
NyNyDIG |
| 007 |
cr ||||||||||| |
| 008 |
211122s2018 sp ob 001 0 spa d |
| 006 |
m o d |
| 035 |
|
|
|a (OCoLC)1287834947
|
| 040 |
|
|
|a DGITA
|b eng
|e rda
|e pn
|c DGITA
|
| 020 |
|
|
|z 9788416995721
|
| 050 |
1 |
4 |
|a HX39.5 ebook
|
| 082 |
1 |
4 |
|a 335
|
| 100 |
1 |
|
|a Fernández Buey, Francisco,
|e author.
|
| 245 |
1 |
0 |
|a Marx a contracorriente :
|b en el bicentenario del nacimiento del autor de El capital /
|c Francisco Fernández Buey ; edición de Salvador López Arnal y Jordi Mir Garcia.
|
| 264 |
|
1 |
|a Barcelona :
|b El Viejo Topo,
|c [2018]
|
| 300 |
|
|
|a 1 online resource.
|
| 336 |
|
|
|a text
|b txt
|2 rdacontent
|
| 337 |
|
|
|a computer
|b c
|2 rdamedia
|
| 338 |
|
|
|a online resource
|b cr
|2 rdacarrier
|
| 347 |
|
|
|a text file
|2 rdaft
|
| 347 |
|
|
|b PDF
|
| 504 |
|
|
|a Includes bibliographical references and index.
|
| 588 |
0 |
|
|a Online resource; title from PDF title page (Digitalia, viewed November 22, 2021)
|
| 600 |
1 |
0 |
|a Marx, Karl,
|d 1818-1883.
|
| 655 |
|
0 |
|a Electronic books.
|
| 700 |
1 |
|
|a López, Salvador
|q (López Arnal),
|e editor.
|
| 700 |
1 |
|
|a Mir, Jordi,
|e editor.
|
| 791 |
2 |
|
|a Digitalia (Firm),
|e distributor.
|
| 793 |
0 |
|
|g Digitalia eBook Collection:
|a El Viejo Topo
|
| 776 |
0 |
8 |
|i Print version:
|a Fernández Buey, Francisco.
|t Marx a contracorriente.
|d Barcelona : El Viejo Topo, [2018]
|z 9788416995721
|
| 856 |
4 |
0 |
|3 Digitalia Hispánica
|u https://www.digitaliapublishing.com/a/57790/
|
| 910 |
|
|
|a Premium collection: 2021
|